| 000 | 00702nam a2200193Ia 4500 | ||
|---|---|---|---|
| 008 | 151121s9999||||xx |||||||||||||| ||und|| | ||
| 082 | _a832/अश्क | ||
| 082 | _bHNW-22377 | ||
| 100 | _aअश्क उपेन्द्रनाथ-अनु।(ओ'नील) | ||
| 245 | _aअमिशप्त | ||
| 260 | _b"नीलाभ प्रकाशन , इलाहाबाद" | ||
| 260 | _c-- | ||
| 300 | _a263 | ||
| 600 | _aअश्क उपेन्द्रनाथ-अनु।(ओ'नील) | ||
| 630 | _aअमिशप्त | ||
| 700 | _aअश्क उपेन्द्रनाथ-अनु।(ओ'नील) | ||
| 730 | _aअमिशप्त | ||
| 942 | _cBOOK | ||
| 999 |
_c1222012 _d1222009 |
||